000 00731nam a2200169 i 4500
001 182076
003 ES-MaACL
005 20230906221525.0
008 130529s2012 sp |||| | spa d
100 1 _aArgumosa Pila, Jesús.
_9152819
245 1 4 _aLos BRICS, una nueva realidad geopolítica
_b: 5ª Conferencia del Ciclo 2012 celebrada en el Centro Superior de Estudios de la Defensa Nacional (CESEDEN) Madrid 17 de mayo 2012 /
_cJesus Argumosa Pila.
260 _aMadrid :
_bAsociación Española de Militares Escritores,
_c[2012?]
300 _a24 p. ;
_c21 cm.
651 4 _aPaíses BRIC-
_xSituación económica.
_9152820
710 2 _aAsociación Española de Militares Escritores.
_9152829
852 _aES-MaACL
_j2114-F-25
999 _c182076
_d182076